000 00443nam a2200181Ia 4500
001 19288
005 20260306172642.0
008 260306t2002||||xx |||||||||||||| ||spa||
041 _aESP
082 _a658.83
_bF42A
100 _aFernández Nogales, Ángel
_eAUT
245 0 _aInvestigación y técnicas de mercado
260 _c2002
300 _a274 páginas :
_c24 cm.
650 _aGEN
654 _aCAN
942 _cLIB
_dJUS
_fJUS
_2ddc
_n
999 _c19288
_d19288